PRUDUCCION TECNIFICADA DE ABONOS ORGANICOS SOLIDOS Y LIQUIDOS A PARTIR DE LA HOJA DE COCA PARA FERTILIZACION DE CULTIVOS TRANSITORIOS (Registro nro. 20409)
[ vista simple ]
| 000 -CABECERA | |
|---|---|
| Campo de control | 00655nam a22001937a 4500 |
| 005 - FECHA Y HORA DE LA ULTIMA TRANSACCION | |
| Campo de control | 20190227113740.0 |
| 008 - ELEMENTOS DE LONGITUD FIJA—INFORMACION GENERAL | |
| Campo de control | 190227b xxu||||| |||| 00| 0 spa d |
| 040 ## - FUENTE DE CATALOGACIÓN | |
| Agencia catalogadora original | CO-BoIAVH |
| Agencia transcriptora | CO-BoIAVH |
| 041 ## - IDIOMA | |
| Código de idioma para texto/pista de sonido o título separado | Español |
| 044 ## - PAÍS DE PUBLICACIÓN | |
| País de publicación | Colombia |
| 090 ## - CLASIFICACIÓN LOCAL | |
| Colección | FG |
| Consecutivo | 0309 |
| 110 ## - ASIENTO PRINCIPAL--NOMBRE CORPORATIVO | |
| Nombre corporativo o de jurisdicción como elemento de entrada | SERVICIO NACIONAL DE APRENDIZAJE-SENA |
| 9 (RLIN) | 16808 |
| 245 ## - MENCION DE TITULO | |
| Título | PRUDUCCION TECNIFICADA DE ABONOS ORGANICOS SOLIDOS Y LIQUIDOS A PARTIR DE LA HOJA DE COCA PARA FERTILIZACION DE CULTIVOS TRANSITORIOS |
| 260 ## - PUBLICACION, DISTRIBUCION, ETC. (PIE DE IMPRENTA) | |
| Lugar de publicación, distribución, etc. | COLOMBIA: |
| Nombre del editor, distribuidor, etc. | SERVICIO NACIONAL DE APRENDIZAJE-SENA, |
| Fecha de publicación, distribución, etc. | NOVIEMBRE 2017. |
| 300 ## - DESCRIPCION FISICA | |
| Extensión | FOLLETO |
| Dimensiones | 14-21cm |
| 710 ## - ASIENTO SECUNDARIO - NOMBRE CORPORATIVO | |
| Nombre corporativo o de jurisdicción como elemento de entrada | GEIITA |
| 9 (RLIN) | 101519 |
| 710 ## - ASIENTO SECUNDARIO - NOMBRE CORPORATIVO | |
| Nombre corporativo o de jurisdicción como elemento de entrada | SENNOVA |
| 9 (RLIN) | 101520 |
| 942 ## - ELEMENTOS ADICIONALES (KOHA) | |
| Sistema de clasificación | Local |
| Tipo de ítem | Folleto |
| Withdrawn status | Lost status | Sistema de Clasificación | Damaged status | No para préstamo | Colección | Ubicación Permanente | Ubicación actual | Fecha de adquisición | Total Checkouts | Número topográfico | Inventario / Código de Barras | Date last seen | Ejemplar | Price effective from | Forma de adquisición | Tipo de material |
|---|---|---|---|---|---|---|---|---|---|---|---|---|---|---|---|---|
| Local | Hemeroteca | Bogotá | Bogotá | 27/02/2019 | FG-0308 | 030406 | 27/02/2019 | Ej. 1 | 27/02/2019 | Donación | Folleto | |||||
| Local | Hemeroteca | Bogotá | Bogotá | 27/02/2019 | FG-0308 | 030407 | 27/02/2019 | Ej. 2 | 27/02/2019 | Donación | Folleto |